الجمهورية الصومالية : الإقليم الجنوبي، أو، صوماليا / al-Jumhūrīyah al-Ṣūmālīyah : al-Iqlīm al-Janūbī, Aw, Ṣūmālīyā
محفوظ في:
المؤلف الرئيسي:
التنسيق: كتاب
اللغة: Undetermined
منشور في:
Cairo
Maktabat al-Shar
1960
الموضوعات:
الوسوم: إضافة وسم
لا توجد وسوم, كن أول من يضع وسما على هذه التسجيلة!
رقم الطلب: N34 MIKA
| LEADER | 00693nam a2200169Ia 4500 | ||
|---|---|---|---|
| 008 | 240404s9999||||xx |||||||||||||| ||und|| | ||
| 050 | 4 | |a N34 MIKA | |
| 100 | 1 | |a ʻAbd al-Munʻim ʻAbd al-Ḥalīm. | |
| 245 | 1 | 0 | |a الجمهورية الصومالية : الإقليم الجنوبي، أو، صوماليا / al-Jumhūrīyah al-Ṣūmālīyah : al-Iqlīm al-Janūbī, Aw, Ṣūmālīyā |c ʻAbd al-Munʻim ʻAbd al-Ḥalīm |
| 264 | 1 | |a Cairo |b Maktabat al-Shar |c 1960 | |
| 300 | |a 470 |c 24 | ||
| 650 | 4 | |a Egypt Foreign relations Somalia | |
| 650 | 4 | |a Égypte Relations extérieures Somalie | |
| 650 | 4 | |a Somalia Civilization | |
| 650 | 4 | |a Somalia Economic conditions | |
| 942 | |2 lcc |c BK | ||
| 999 | |c 57949 |d 57949 | ||
